Statistics for In the Year **25

Click here to take the quiz!

General Stats

  • This quiz has been taken 22 times
  • The average score is 20 of 21

Answer Stats

HintAnswer% Correct
The Pantheon is constructed in Rome as it stands today by Hadrian.125
100%
Benito Mussolini makes a pivotal speech in the Italian Chamber of Deputies. Historians now trace this speech to the beginning of Mussolini's dictatorship.1925
100%
The Magna Carta is reaffirmed for the third time by Henry III1225
95%
Mansa Musa completes his pilgrimage to Mecca1325
95%
Last Aztec emperor, Cuauhtémoc, killed by Hernán Cortés1525
95%
New Amsterdam becomes capital of New Netherlands1625
95%
Charles I becomes king of England1625
95%
Peter the Great of Russia dies1725
95%
Uruguay secedes from Brazil1825
95%
The world's first modern railway, the Stockton and Darlington Railway, opens in England.1825
95%
Calvin Coolidge's inauguration is the first to be broadcast over radio1925
95%
Scopes "Monkey" Trial. High school science teacher charged with teaching evolution against Tennessee law.1925
95%
The first Christian paintings appear in Rome, decorating the Catacombs.225
95%
First Council of Nicaea held. Declares that the members of the trinity are equal325
95%
The university of Constantinople is founded by Theodosius II425
95%
Battle of Uhud. Muhammed retreats against the inhabitants of Mecca625
95%
Yi Xing, Chinese monk and astronomer applies a clockwork escapement mechanism to provide rotating motion to his astronomical armillary sphere. (spherical astrolabe)725
95%
Umayyad conquest of Gaul: Muslim forces under Anbasa ibn Suhaym al-Kalbi (governor of Al-Andalus) capture the fortified town of Carcassonne, which has been under siege, as well Nîmes in Septimania (the latter without resistance).725
95%
Battle of Ellandun. King Egbert of Wessex defeats Beomwulf of Mercia near Swindon. The battle marks the end of Mercian domination of southern England.825
95%
Battle of Pavia. Spanish forces defeat French army and capture Francis I.1525
89%
What year is in the title of the 1969 song by Zager and Evans?2525
84%

Score Distribution

Percentile by Number Answered

Percent of People with Each Score

Your Score History

You have not taken this quiz